00353nam a2200109Ia 4500008004100000082002000041245003100061300002300092942000700115999001900122952010200141230907s9999||||xx |||||||||||||| ||und|| a352.630954bGOV 0aGovernance in South Asia : axviii, 293 pages ; cBK c600748d600748 00104070aCAS-EbCAS-Ed2019-11-05l0o352.630954 GOVpCAS-E0004847r2023-09-12w2023-09-12yBK